<?xml version="1.0" encoding="UTF-8"?>
<record
    xmlns:xsi="http://www.w3.org/2001/XMLSchema-instance"
    xsi:schemaLocation="http://www.loc.gov/MARC21/slim http://www.loc.gov/standards/marcxml/schema/MARC21slim.xsd"
    xmlns="http://www.loc.gov/MARC21/slim">

  <leader>00913nam a22002657a 4500</leader>
  <controlfield tag="005">20170123162333.0</controlfield>
  <datafield tag="010" ind1=" " ind2=" ">
    <subfield code="a">B-100311</subfield>
  </datafield>
  <datafield tag="020" ind1=" " ind2=" ">
    <subfield code="c">150.00</subfield>
  </datafield>
  <datafield tag="035" ind1=" " ind2=" ">
    <subfield code="a">B-100311</subfield>
  </datafield>
  <datafield tag="037" ind1=" " ind2=" ">
    <subfield code="b">Cen Lib/Ret</subfield>
  </datafield>
  <datafield tag="040" ind1=" " ind2=" ">
    <subfield code="a">DPL</subfield>
    <subfield code="b">UR</subfield>
  </datafield>
  <datafield tag="082" ind1=" " ind2=" ">
    <subfield code="a">&#x6A9; </subfield>
    <subfield code="b">&#x639; &#x628; &#x62F;</subfield>
  </datafield>
  <datafield tag="100" ind1=" " ind2=" ">
    <subfield code="a">&#x639;&#x628;&#x62F;&#x644; &#x639;&#x632;&#x6CC;&#x632; &#x62E;&#x627;&#x646; </subfield>
    <subfield code="9">122630</subfield>
  </datafield>
  <datafield tag="245" ind1=" " ind2=" ">
    <subfield code="a">&#x645;&#x648;&#x646;&#x627; &#x644;&#x6CC;&#x632;&#x627; &#x6A9;&#x6CC; &#x645;&#x633;&#x6A9;&#x631;&#x627;&#x6C1;&#x679; :</subfield>
    <subfield code="c">&#x639;&#x628;&#x62F;&#x644; &#x639;&#x632;&#x6CC;&#x632; &#x62E;&#x627;&#x646; </subfield>
    <subfield code="b">&#x6A9;&#x6C1;&#x627;&#x646;&#x6CC;&#x627;&#x6BA; /</subfield>
  </datafield>
  <datafield tag="246" ind1=" " ind2=" ">
    <subfield code="a">Mona Lisa Ki Muskurahut : kahaniyan /</subfield>
    <subfield code="b">by Abdul Aziz Khan </subfield>
  </datafield>
  <datafield tag="260" ind1=" " ind2=" ">
    <subfield code="a">&#x645;&#x645;&#x628;&#x626;&#x6CC; </subfield>
    <subfield code="b">&#x62E;&#x627;&#x646; &#x67E;&#x628;&#x644;&#x6CC;&#x6A9;&#x6CC;&#x634;&#x646;&#x632; </subfield>
    <subfield code="c">2003</subfield>
  </datafield>
  <datafield tag="270" ind1=" " ind2=" ">
    <subfield code="a">&#x627;&#x645;&#x646; &#x628;&#x6CC;&#x644;&#x62F;&#x646;&#x6AF;&#x633;  &#x627;&#x6CC;. &#x631;. &#x688;&#x6CC; &#x631;&#x648;&#x688; </subfield>
    <subfield code="b">&#x645;&#x645;&#x628;&#x626;&#x6CC; </subfield>
    <subfield code="e">400003</subfield>
  </datafield>
  <datafield tag="300" ind1=" " ind2=" ">
    <subfield code="a">171p.</subfield>
    <subfield code="c">21cm(Hb)</subfield>
  </datafield>
  <datafield tag="650" ind1=" " ind2=" ">
    <subfield code="a"> &#x627;&#x62F;&#x628; - &#x6C1;&#x646;&#x62F;&#x6CC;</subfield>
    <subfield code="9">122631</subfield>
  </datafield>
  <datafield tag="650" ind1=" " ind2=" ">
    <subfield code="a"> &#x6C1;&#x646;&#x62F;&#x6CC;  &#x6A9;&#x6C1;&#x627;&#x646;&#x6CC;&#x627;&#x6BA; </subfield>
    <subfield code="9">122632</subfield>
  </datafield>
  <datafield tag="650" ind1=" " ind2=" ">
    <subfield code="a">Literature -- Hindi</subfield>
    <subfield code="9">83958</subfield>
  </datafield>
  <datafield tag="650" ind1=" " ind2=" ">
    <subfield code="a">Hindi stories</subfield>
    <subfield code="9">122633</subfield>
  </datafield>
  <datafield tag="700" ind1=" " ind2=" ">
    <subfield code="a">&#x645;&#x62A;&#x644;&#x60C; &#x67E;&#x631;&#x6CC;&#x645; &#x6AF;&#x648;&#x67E;&#x627;&#x644; </subfield>
    <subfield code="9">534</subfield>
  </datafield>
  <datafield tag="942" ind1=" " ind2=" ">
    <subfield code="2">ddc</subfield>
    <subfield code="c">UR</subfield>
    <subfield code="h">&#x6A9; </subfield>
    <subfield code="m">&#x639; &#x628; &#x62F;</subfield>
  </datafield>
  <datafield tag="999" ind1=" " ind2=" ">
    <subfield code="c">107928</subfield>
    <subfield code="d">107928</subfield>
  </datafield>
  <datafield tag="952" ind1=" " ind2=" ">
    <subfield code="0">0</subfield>
    <subfield code="1">0</subfield>
    <subfield code="4">0</subfield>
    <subfield code="7">0</subfield>
    <subfield code="a">L</subfield>
    <subfield code="b">L</subfield>
    <subfield code="d">2016-01-13</subfield>
    <subfield code="e">Cen Lib/Ret</subfield>
    <subfield code="g">150.00</subfield>
    <subfield code="l">1</subfield>
    <subfield code="o">&#x6A9;  &#x639; &#x628; &#x62F;</subfield>
    <subfield code="p">B-100311</subfield>
    <subfield code="r">2018-08-25 00:00:00</subfield>
    <subfield code="s">2018-08-11</subfield>
    <subfield code="t">1</subfield>
    <subfield code="v">150.00</subfield>
    <subfield code="w">2016-01-13</subfield>
    <subfield code="y">UR</subfield>
  </datafield>
</record>
